[Event "39th TCh-GRE"]
[Site "Eretria GRE"]
[Date "2011.07.06"]
[Round "5.11"]
[White "Kirgeridis, Panagiotis"]
[Black "Skirianoglou, Dimitrios"]
[Result "0-1"]
[WhiteElo "2019"]
[BlackElo "2044"]
[WhiteTeam "Polichni CC"]
[BlackTeam "Aigaleo CC"]
[WhiteFideId "4210212"]
[BlackFideId "4203046"]
[EventDate "2011.07.03"]

1. d4 Nf6 2. c4 e6 3. a3 c5 4. d5 exd5 5. cxd5 d6 6. Nc3 g6 7. Bg5 Bg7 8. e4 O-O
9. f3 Re8 10. Nge2 a6 11. a4 Nbd7 12. Ng3 Nxe4 13. Ngxe4 Qxg5 14. Kf2 Qe7 15.
Qe2 f5 16. Ng3 Bd4+ 17. Ke1 Qf7 18. Nce4 fxe4 19. Nxe4 Nf6 0-1

[Event "39th TCh-GRE"]
[Site "Eretria GRE"]
[Date "2011.07.06"]
[Round "5.11"]
[White "Koutsogiannopoulou, Theodora"]
[Black "Barbageorgopoulou, Despina"]
[Result "0-1"]
[WhiteElo "1829"]
[BlackElo "1752"]
[WhiteTeam "Aigaleo CC"]
[BlackTeam "Polichni CC"]
[WhiteFideId "4215265"]
[BlackFideId "4216180"]
[EventDate "2011.07.03"]

1. e4 e5 2. Nf3 Nf6 3. Nxe5 d6 4. Nf3 Nxe4 5. Nc3 Nxc3 6. dxc3 d5 7. c4 c6 8.
cxd5 cxd5 9. Bb5+ Nc6 10. O-O a6 11. Ba4 b5 12. Bb3 Be6 13. Nd4 Qd7 14. Re1 Be7
15. Nxe6 fxe6 16. Qg4 Kf7 17. Qf3+ Bf6 18. c3 Rhf8 19. g4 Kg8 20. Rxe6 Bh4 21.
Qxd5 Bxf2+ 22. Kg2 Qxd5+ 23. Bxd5 Rad8 24. Bxc6 Rd1 25. b3 Bc5 26. Re2 Rg1+ 27.
Kh3 Rf6 28. Bd5+ Kf8 29. Bg2 Rd1 30. Bg5 Rxa1 31. Bxf6 gxf6 32. Bd5 Rd1 33. c4
bxc4 34. Bxc4 Rd6 35. Rf2 Bxf2 0-1

[Event "39th TCh-GRE"]
[Site "Eretria GRE"]
[Date "2011.07.06"]
[Round "5.11"]
[White "Barbageorgopoulou, Fani"]
[Black "Liapi Zenebisi, Irini"]
[Result "1-0"]
[WhiteElo "1851"]
[BlackElo "1416"]
[WhiteTeam "Polichni CC"]
[BlackTeam "Aigaleo CC"]
[WhiteFideId "4220838"]
[BlackFideId "4234120"]
[EventDate "2011.07.03"]

1. d4 Nf6 2. c4 g6 3. Nc3 Bg7 4. Nf3 d6 5. Bg5 O-O 6. e3 Qe8 7. Be2 e5 8. O-O
Nc6 9. Rc1 a6 10. d5 Ne7 11. Nd2 Nd7 12. b4 f5 13. Nb3 h6 14. Bxe7 Qxe7 15. Na4
e4 16. c5 Ne5 17. Qc2 Bd7 18. cxd6 Qxd6 19. Nac5 Rab8 20. Rfd1 Rfd8 21. Nxd7
Rxd7 22. Nc5 Re7 23. a3 Bh8 24. Ne6 c6 25. Qc5 Qxc5 26. Nxc5 cxd5 27. Rxd5 Nc6
28. Bc4 Kh7 29. Rd2 Bf6 30. Rcd1 a5 31. Nd7 Bc3 32. Nxb8 Nxb8 33. Rd8 Nc6 34.
R8d7 axb4 35. Rxe7+ Nxe7 36. Rd7 Bf6 37. axb4 b6 38. Rb7 1-0

[Event "39th TCh-GRE"]
[Site "Eretria GRE"]
[Date "2011.07.06"]
[Round "5.11"]
[White "Gouloutis, Nikolaos"]
[Black "Liaskos, Leonidas"]
[Result "0-1"]
[WhiteElo "1758"]
[BlackElo "2107"]
[WhiteTeam "Polichni CC"]
[BlackTeam "Aigaleo CC"]
[WhiteFideId "4224256"]
[BlackFideId "4211421"]
[EventDate "2011.07.03"]

1. d4 Nf6 2. c4 g6 3. Nc3 Bg7 4. e4 d6 5. f3 e5 6. d5 Nfd7 7. Nh3 Bh6 8. Be2 Nc5
9. Nf2 Bxc1 10. Qxc1 a5 11. Qh6 Nba6 12. O-O Qe7 13. Nd3 Bd7 14. f4 Nxd3 15.
Bxd3 O-O-O 16. f5 f6 17. Qe3 Nc5 18. Bc2 Rhg8 19. b3 gxf5 20. exf5 Qg7 21. Rf2
Qg5 22. Qxg5 Rxg5 23. Re1 Rdg8 24. Ree2 Be8 25. Ne4 Nxe4 26. Bxe4 Bh5 27. Re3
Kd7 28. g3 Bf7 29. Kg2 c6 30. Rd2 Ke7 31. Rc2 Rc8 32. Rcc3 Rgg8 33. h3 cxd5 34.
cxd5 Kd7 35. Kf3 Rc5 36. Rcd3 Rc2 37. Re2 Rxg3+ 38. Kxg3 Rxe2 39. Bf3 Rxa2 40.
Rc3 Rd2 41. Rc4 Bxd5 42. Bxd5 Rxd5 43. Rh4 Rd3+ 44. Kg2 Rxb3 45. Rxh7+ Kc6 46.
h4 a4 47. Rh8 Rb6 48. Ra8 Ra6 49. Rxa6+ bxa6 50. h5 a3 51. h6 a2 52. h7 a1=Q 53.
h8=Q Qb2+ 54. Kg1 Qd4+ 55. Kh2 Qf4+ 56. Kg2 Qxf5 57. Qa8+ Kd7 58. Qb7+ Ke8 59.
Qc6+ Qd7 60. Qxa6 Ke7 61. Qa8 f5 62. Qh8 Qc6+ 63. Kg1 Qc1+ 64. Kg2 Qd2+ 65. Kg1
Qg5+ 66. Kf1 e4 67. Qh7+ Ke6 68. Qh8 Qf4+ 69. Kg2 Qg4+ 70. Kf1 Kd5 71. Qa8+ Ke5
72. Qa5+ Kf4 73. Qd2+ Kg3 74. Qg2+ Kh4 75. Qd2 Qh3+ 76. Kg1 e3 77. Qc3 Qg3+ 78.
Kh1 Qf3+ 79. Kh2 Qf2+ 80. Kh1 Kg3 81. Qg7+ Kf3 82. Qb7+ Ke2 83. Qa6+ Kd1 84.
Qa1+ Kd2 85. Qb2+ Kd3 86. Qb3+ Ke4 87. Qb4+ Kf3 88. Qb7+ Kf4 89. Qb4+ Kg3 90.
Qxd6+ Qf4 91. Qg6+ Qg4 92. Qd6+ f4 0-1

[Event "39th TCh-GRE"]
[Site "Eretria GRE"]
[Date "2011.07.06"]
[Round "5.12"]
[White "Koukoufikis, Alexandros"]
[Black "Istratescu, Andrei"]
[Result "0-1"]
[BlackTitle "GM"]
[WhiteElo "2258"]
[BlackElo "2645"]
[WhiteTeam "CC Ikaria J. Tzelepis"]
[BlackTeam "N.O. Kalamatas Poseidon"]
[WhiteFideId "4205499"]
[BlackFideId "1200372"]
[EventDate "2011.07.03"]

1. e4 c5 2. Nc3 Nc6 3. g3 g6 4. Bg2 Bg7 5. d3 d6 6. Be3 e5 7. Qd2 Nge7 8. f4 Rb8
9. Nf3 Nd4 10. O-O O-O 11. Ne1 exf4 12. Bxf4 b5 13. Bh6 b4 14. Bxg7 Kxg7 15. Ne2
Nxe2+ 16. Qxe2 Nc6 17. h3 Qg5 18. Qf2 Qe5 19. Rb1 Nd4 20. Rc1 Qg5 21. Rd1 Qh5
22. g4 Qe5 23. c3 bxc3 24. bxc3 Nb5 25. d4 Qe7 26. Qg3 Ba6 27. Rf2 cxd4 28. c4
Nc7 29. Rxd4 Rb1 30. Rfd2 Qe5 31. Qxe5+ dxe5 32. Rd1 Rfb8 33. Rd7 Ne6 34. Bf1
Nc5 35. Rxb1 Rxb1 36. Rc7 Nxe4 37. Rxa7 Rxe1 38. Rxa6 Nd2 39. Kf2 Rxf1+ 40. Ke2
Rc1 41. Kxd2 Rxc4 42. a4 h5 43. g5 Rh4 44. Ra5 e4 45. Ke3 Rxh3+ 46. Kxe4 Rg3 47.
Kf4 Rg1 48. Kf3 Rg4 49. Kf2 Kf8 50. Ke3 h4 51. Kf2 h3 52. Rb5 h2 53. Rb1 Rxg5
54. Rh1 Ra5 0-1

[Event "39th TCh-GRE"]
[Site "Eretria GRE"]
[Date "2011.07.06"]
[Round "5.12"]
[White "Edouard, Romain"]
[Black "Sarandos, Vasilios"]
[Result "1-0"]
[WhiteTitle "GM"]
[WhiteElo "2587"]
[BlackElo "2236"]
[WhiteTeam "N.O. Kalamatas Poseidon"]
[BlackTeam "CC Ikaria J. Tzelepis"]
[WhiteFideId "633429"]
[BlackFideId "4203542"]
[EventDate "2011.07.03"]

1. d4 e6 2. Nf3 Nf6 3. c4 d5 4. Nc3 c5 5. cxd5 exd5 6. g3 Nc6 7. Bg2 Be7 8. O-O
O-O 9. dxc5 Bxc5 10. Na4 Be7 11. Be3 Re8 12. Rc1 Bg4 13. a3 Qd7 14. Re1 Rad8 15.
Nd4 Ne5 16. Nc5 Bxc5 17. Rxc5 Bh3 18. Qc2 Bxg2 19. Kxg2 Rc8 20. Rxc8 Rxc8 21.
Qf5 Neg4 22. Bf4 Rc4 23. Rd1 Qe8 24. b3 Rc3 25. h3 g6 26. Qg5 h6 27. Qh4 Qe4+
28. Kg1 g5 29. Bxg5 hxg5 30. Qxg5+ Qg6 31. Qxg6+ fxg6 32. hxg4 Nxg4 33. Kf1 Kf7
34. Ke1 a6 35. Kd2 Rc7 36. f3 Ne5 37. Rh1 Kf6 38. g4 Nf7 39. Rh7 Re7 40. e3 Ng5
41. Rxe7 Kxe7 42. Kd3 Kd6 43. b4 b6 44. f4 Ne4 45. g5 Nf2+ 46. Kc2 Ng4 47. Kd2
Nf2 48. Nf3 Ke6 49. Nh4 Kf7 50. Kc3 Nd1+ 51. Kd4 b5 52. Nf3 Ke6 53. Ne5 Kf5 54.
Nd3 Kg4 55. Nc5 Nb2 56. Nxa6 Nc4 57. Nc7 Nxa3 58. Nxd5 Kf5 59. e4+ Ke6 60. Ke3
Nb1 61. Kd3 Na3 62. Nc3 1-0

[Event "39th TCh-GRE"]
[Site "Eretria GRE"]
[Date "2011.07.06"]
[Round "5.12"]
[White "Pountzas, Hrisanthos"]
[Black "Tsekouras, Theodoros"]
[Result "0-1"]
[WhiteTitle "FM"]
[WhiteElo "2177"]
[BlackElo "2223"]
[WhiteTeam "CC Ikaria J. Tzelepis"]
[BlackTeam "N.O. Kalamatas Poseidon"]
[WhiteFideId "4200241"]
[BlackFideId "4203402"]
[EventDate "2011.07.03"]

1. c4 Nf6 2. Nc3 g6 3. e4 d6 4. d4 Bg7 5. Be2 O-O 6. Nf3 e5 7. O-O Nc6 8. d5 Ne7
9. Ne1 Nd7 10. Be3 f5 11. f3 f4 12. Bf2 g5 13. Rc1 Ng6 14. c5 Nxc5 15. b4 Na6
16. Nb5 Bd7 17. a4 h5 18. Nd3 Rf7 19. h3 Bf8 20. Qb3 g4 21. fxg4 hxg4 22. hxg4
Qg5 23. Be1 Rh7 24. Bf3 Bxg4 25. Bxg4 Qxg4 26. Nf2 Qg5 27. Nh3 Qf6 28. Qf3 Bh6
29. Rc4 Kh8 30. Qg4 Rg8 31. Rf3 Nf8 32. Bh4 Qf7 33. Qf5 Qxf5 34. exf5 Rf7 35.
Bd8 Rxf5 36. Nxc7 Nxc7 37. Bxc7 Ng6 38. Nf2 Rh5 39. Ne4 Nh4 40. Rf2 f3 41. g3
Be3 42. Bxd6 Rf5 43. Be7 Ng6 44. Bf6+ Kh7 45. Kf1 Bxf2 46. Kxf2 Nf8 47. Rc7+ Kg6
48. Rxb7 Rxf6 49. Nxf6 Kxf6 50. Kxf3 Rg7 51. Rxg7 Kxg7 52. Ke4 Kf6 53. g4 Nd7
54. a5 a6 55. d6 Ke6 56. g5 Kxd6 57. Kf5 Nf8 58. Ke4 Ng6 59. Kf5 Nf8 60. Ke4 Kc6
61. Kxe5 Kb5 62. Ke4 Kxb4 63. Kd3 Kxa5 64. Kd2 Kb4 65. Kc1 Kb3 66. Kb1 a5 67.
Ka1 Ng6 68. Kb1 a4 69. Ka1 a3 70. Kb1 Nf4 71. Ka1 Ne6 72. g6 Nd4 0-1

[Event "39th TCh-GRE"]
[Site "Eretria GRE"]
[Date "2011.07.06"]
[Round "5.12"]
[White "Makropoulou, Marina"]
[Black "Koukoufiki, Stefania"]
[Result "1-0"]
[WhiteTitle "WGM"]
[WhiteElo "2282"]
[BlackElo "1791"]
[WhiteTeam "N.O. Kalamatas Poseidon"]
[BlackTeam "CC Ikaria J. Tzelepis"]
[WhiteFideId "4200187"]
[BlackFideId "4221958"]
[EventDate "2011.07.03"]

1. e4 d6 2. d4 Nf6 3. Nc3 g6 4. f4 Bg7 5. Nf3 c6 6. Bd3 O-O 7. h3 Nbd7 8. O-O b5
9. e5 Ne8 10. Be3 Nc7 11. Qe1 Nb6 12. Rd1 Nbd5 13. Bd2 Ba6 14. Ne4 Ne6 15. Qh4
f6 16. Rfe1 h6 17. Qg3 g5 18. fxg5 fxg5 19. exd6 exd6 20. Nxd6 Nxd4 21. Nxd4
Bxd4+ 22. Kh1 Qc7 23. Qg4 Bg7 24. Qe6+ Kh8 25. Nf7+ Kg8 26. Nxh6+ Kh8 27. Nf7+
Kg8 28. Nxg5+ Kh8 29. Qg6 Nf6 30. Bc3 1-0

[Event "39th TCh-GRE"]
[Site "Eretria GRE"]
[Date "2011.07.06"]
[Round "5.12"]
[White "Athanasiou, Georgios"]
[Black "Diasakos, Spyridon"]
[Result "1-0"]
[WhiteElo "1954"]
[BlackElo "1625"]
[WhiteTeam "CC Ikaria J. Tzelepis"]
[BlackTeam "N.O. Kalamatas Poseidon"]
[WhiteFideId "4215478"]
[BlackFideId "4227530"]
[EventDate "2011.07.03"]

1. e4 d5 2. exd5 Qxd5 3. Qf3 Qxf3 4. Nxf3 Nf6 5. Bc4 Bf5 6. d3 e6 7. O-O Bd6 8.
Nc3 a6 9. a3 Nc6 10. b4 b5 11. Nxb5 axb5 12. Bxb5 Kd7 13. Nd4 Be5 14. Bxc6+ Kd6
15. Nxf5+ Kxc6 16. d4 Bxh2+ 17. Kxh2 exf5 18. c4 Rhd8 19. d5+ Kd7 20. Bg5 Ng4+
21. Kg1 f6 22. Bf4 g5 23. Bd2 c6 24. dxc6+ Kxc6 25. Be3 Rd3 26. a4 f4 27. b5+
Kb7 28. Bc5 Rc3 29. a5 Rxc4 30. a6+ Kb8 31. Bd6+ Ka7 32. Rfe1 Rac8 33. Re7+ Ka8
34. b6 Rc1+ 35. Re1 Rxa1 36. b7+ 1-0

[Event "39th TCh-GRE"]
[Site "Eretria GRE"]
[Date "2011.07.06"]
[Round "5.13"]
[White "Aggelis, Nikolaos"]
[Black "Bartel, Mateusz"]
[Result "1/2-1/2"]
[WhiteTitle "FM"]
[BlackTitle "GM"]
[WhiteElo "2294"]
[BlackElo "2611"]
[WhiteTeam "Kallithea CC"]
[BlackTeam "Chess Academy of Gazi 2099"]
[WhiteFideId "4213220"]
[BlackFideId "1112635"]
[EventDate "2011.07.03"]

1. Nf3 d5 2. d4 Nf6 3. c4 e6 4. g3 dxc4 5. Bg2 Bd7 6. Ne5 Bc6 7. Nxc6 Nxc6 8.
Qa4 Qd7 9. Qxc4 Nxd4 10. O-O c5 11. Nc3 Rd8 12. a4 Nd5 13. Bg5 Nb6 14. Qd3 Be7
15. Bxe7 Qxe7 16. Qe4 Nd5 17. Rad1 f5 18. Qe5 Nc6 19. Nxd5 Nxe5 20. Nxe7 Kxe7
21. Bxb7 Rxd1 22. Rxd1 Rb8 23. Ba6 Rxb2 24. Bb5 c4 25. f4 c3 26. Rc1 c2 27. Kg2
Ng4 28. Bd3 Ra2 29. h3 Ne3+ 30. Kf2 Nd5 31. Bxc2 Nb4 32. Bb1 Rxa4 33. e4 Ra1 34.
Re1 fxe4 35. Bxe4 Rxe1 36. Kxe1 h6 37. Kd2 Kd6 38. Kc3 Kc5 39. Bg6 Nd5+ 40. Kd3
a5 41. Be8 Nf6 42. Bf7 Kd6 43. Bg6 e5 44. f5 Kc5 45. Bf7 a4 46. g4 a3 47. Ba2
Nd5 48. Bb3 Nb4+ 49. Kc3 a2 50. Kb2 Kd4 51. h4 e4 52. g5 e3 53. Bd1 hxg5 54.
hxg5 Ke5 55. f6 gxf6 56. gxf6 Kxf6 57. Be2 Kg5 58. Bf1 Kf4 59. Be2 Kg3 60. Bh5
Kf2 61. Bg4 Kg2 62. Bh5 Kg3 63. Ka1 Kh4 64. Bf3 Kg5 65. Kb2 Kf4 66. Bh5 Ke4 67.
Bg4 Ke5 68. Bh5 Kf4 69. Ka1 Ke5 70. Kb2 Kd4 71. Bg4 Kd3 72. Bh5 e2 73. Bxe2+
Kxe2 74. Ka1 Kd2 75. Kb2 Kd1 76. Ka1 Kc1 1/2-1/2

[Event "39th TCh-GRE"]
[Site "Eretria GRE"]
[Date "2011.07.06"]
[Round "5.13"]
[White "Emmanouilidis, Kostas"]
[Black "Gesos, Pavlos"]
[Result "0-1"]
[BlackTitle "IM"]
[WhiteElo "1985"]
[BlackElo "2331"]
[WhiteTeam "Chess Academy of Gazi 2099"]
[BlackTeam "Kallithea CC"]
[WhiteFideId "4260260"]
[BlackFideId "4200055"]
[EventDate "2011.07.03"]

1. e4 c5 2. Nf3 a6 3. d3 Nc6 4. g3 g6 5. Bg2 Bg7 6. O-O Nf6 7. Re1 O-O 8. h3 e5
9. Bg5 h6 10. Bxf6 Qxf6 11. Nc3 Ne7 12. Qd2 d6 13. Nh2 h5 14. Re2 Kh7 15. Rf1
Bh6 16. f4 h4 17. fxe5 Qxf1+ 18. Nxf1 Bxd2 19. Nxd2 dxe5 20. Nf3 f6 21. Nxh4 Be6
22. Nd5 Bxd5 23. exd5 Rfd8 24. c4 Kg7 25. g4 g5 26. Nf3 Ng6 27. Bf1 Nf4 28. Rh2
b5 29. Nd2 Rh8 30. Ne4 Rac8 31. Kf2 Rc7 32. Kg3 Kg6 33. Rc2 bxc4 34. dxc4 f5 35.
Nf2 e4 36. Rc3 Rb7 37. b3 Re7 38. gxf5+ Kxf5 39. Re3 Nh5+ 40. Kh2 Kf4 41. Re1
Rhe8 42. Ng4 Kf5 43. Be2 Nf4 44. Bd1 Rh8 45. Re3 Ng6 46. Kg3 Nf4 47. Nf2 Nh5+
48. Kh2 Kf4 49. Re1 Ree8 50. Bg4 Nf6 51. Be6 Kf3 52. Nd1 Rh6 53. Nc3 g4 54. Rf1+
Ke3 55. Nd1+ Ke2 56. Rxf6 Rxf6 57. Bxg4+ Kd2 58. Kg3 e3 59. Nxe3 Kxe3 60. b4 Kd4
61. b5 Kxc4 62. a4 axb5 63. axb5 Re3+ 0-1

[Event "39th TCh-GRE"]
[Site "Eretria GRE"]
[Date "2011.07.06"]
[Round "5.13"]
[White "Kourkoulos-Arditis, Stamatis"]
[Black "Dimitriadis, Theodoros"]
[Result "1/2-1/2"]
[WhiteElo "2123"]
[BlackElo "1922"]
[WhiteTeam "Kallithea CC"]
[BlackTeam "Chess Academy of Gazi 2099"]
[WhiteFideId "4221990"]
[BlackFideId "4217365"]
[EventDate "2011.07.03"]

1. e4 e5 2. Nf3 Nc6 3. Bb5 Nd4 4. Nxd4 exd4 5. O-O c6 6. Bd3 Bc5 7. c3 Ne7 8. b4
Bb6 9. Bb2 d5 10. Re1 Be6 11. Qh5 dxc3 12. dxc3 dxe4 13. Bxe4 Qd6 14. Na3 O-O-O
15. Bf3 Qd2 16. Re2 Qd1+ 17. Re1 Qd2 18. Re2 Qd1+ 19. Re1 Qd2 20. Re2 Qd1+ 1/2-1/2

[Event "39th TCh-GRE"]
[Site "Eretria GRE"]
[Date "2011.07.06"]
[Round "5.13"]
[White "Aggeli, Eleni"]
[Black "Stefanidi, Maria-Anna"]
[Result "1/2-1/2"]
[BlackTitle "WFM"]
[WhiteElo "1862"]
[BlackElo "2055"]
[WhiteTeam "Chess Academy of Gazi 2099"]
[BlackTeam "Kallithea CC"]
[WhiteFideId "4213300"]
[BlackFideId "4207750"]
[EventDate "2011.07.03"]

1. e4 c5 2. Nf3 d6 3. d4 cxd4 4. Nxd4 Nf6 5. Nc3 g6 6. h3 Bg7 7. g4 Nc6 8. Bg2
Bd7 9. Nb3 Rc8 10. Be3 b6 11. f4 h6 12. Qd2 Qc7 13. O-O Nb4 14. Qe2 O-O 15. a3
Nc6 16. Nb5 Qd8 17. Rad1 a6 18. Nc3 b5 19. Qf2 Qc7 20. Rfe1 Rb8 21. Nd5 Qc8 22.
Nb6 Qc7 23. Nd5 Qc8 24. Nb6 Qc7 25. Nd5 Qc8 1/2-1/2

[Event "39th TCh-GRE"]
[Site "Eretria GRE"]
[Date "2011.07.06"]
[Round "5.13"]
[White "Tsouba, Maria"]
[Black "Prokopiou, Ekaterini"]
[Result "0-1"]
[WhiteElo "1512"]
[BlackElo "1540"]
[WhiteTeam "Kallithea CC"]
[BlackTeam "Chess Academy of Gazi 2099"]
[WhiteFideId "4231643"]
[BlackFideId "4218710"]
[EventDate "2011.07.03"]

1. c4 Nf6 2. Nf3 e6 3. g3 d5 4. cxd5 exd5 5. Bg2 c6 6. O-O Bg4 7. b3 Be7 8. Bb2
Nbd7 9. d3 O-O 10. Nbd2 b5 11. h3 Bh5 12. Nh4 Rc8 13. Rc1 Qb6 14. Ndf3 c5 15.
Nf5 Bd8 16. g4 Bg6 17. Ng3 c4 18. bxc4 bxc4 19. Ba3 Re8 20. dxc4 dxc4 21. g5 Qa5
22. gxf6 Nxf6 23. Bb2 c3 24. Ba1 c2 25. Qd4 Qxa2 26. Nh4 Rc4 27. Qb2 Qxb2 28.
Bxb2 Rxh4 29. f3 Bb6+ 30. Kh2 Be3 0-1

[Event "39th TCh-GRE"]
[Site "Eretria GRE"]
[Date "2011.07.06"]
[Round "5.13"]
[White "Anagnostopoulos, Konstantinos"]
[Black "Sandalakis, Nikolaos"]
[Result "1/2-1/2"]
[WhiteElo "2038"]
[BlackElo "1925"]
[WhiteTeam "Kallithea CC"]
[BlackTeam "Chess Academy of Gazi 2099"]
[WhiteFideId "4251067"]
[BlackFideId "4222890"]
[EventDate "2011.07.03"]

1. f4 d5 2. Nf3 Nf6 3. e3 g6 4. b3 Bg7 5. Bb2 c5 6. Be2 O-O 7. O-O b6 8. d4 Ba6
9. Bxa6 Nxa6 10. Ne5 Ne4 11. Qe2 Nc7 12. Nd2 Nxd2 13. Qxd2 e6 14. dxc5 bxc5 15.
Ba3 Na6 16. Bb2 Qc7 17. c4 Rfd8 18. Qf2 Nb4 19. a3 Nc6 20. Ng4 Qe7 21. Bxg7 Kxg7
22. cxd5 Rxd5 23. e4 Rd4 24. e5 Rb8 25. Rab1 Rd3 26. Nf6 Rbxb3 27. Rxb3 Rxb3 28.
h4 h5 29. g4 hxg4 30. h5 Rh3 31. Qg2 Nd4 32. Qxg4 Rg3+ 33. Qxg3 Ne2+ 34. Kg2
Nxg3 35. Kxg3 gxh5 36. Rg1 Qd8 37. Kh4+ Kh8 38. Rg5 Qa8 39. Rxh5+ Kg7 40. Rg5+
Kh8 41. Kg3 c4 42. Rh5+ Kg7 43. Rg5+ Kh8 44. Rh5+ Kg7 45. Rg5+ Kh8 46. Kf2 Qd8
47. Rh5+ Kg7 48. Rg5+ Kh8 49. Rh5+ Kg7 50. Rg5+ Kh8 51. Rh5+ 1/2-1/2

[Event "39th TCh-GRE"]
[Site "Eretria GRE"]
[Date "2011.07.06"]
[Round "5.13"]
[White "Prokopiou, Ioannis"]
[Black "Tsatsoulis, Periklis"]
[Result "1/2-1/2"]
[WhiteElo "1535"]
[BlackElo "1454"]
[WhiteTeam "Chess Academy of Gazi 2099"]
[BlackTeam "Kallithea CC"]
[WhiteFideId "4218728"]
[BlackFideId "4246853"]
[EventDate "2011.07.03"]

1. d4 Nf6 2. Nf3 e6 3. Bg5 Be7 4. e3 d5 5. Bd3 h6 6. Bh4 b6 7. Nbd2 Bb7 8. c3 c5
9. O-O O-O 10. Qe2 Qc8 11. Rfe1 Ba6 12. Bxa6 Nxa6 13. Ne5 Re8 14. f4 Nb8 15. Rf1
Nbd7 16. Rf3 Qc7 17. Rg3 Nxe5 18. fxe5 Ne4 19. Nxe4 dxe4 20. Bxe7 Qxe7 21. Qg4
f5 22. exf6 Qxf6 23. Qxe4 Rf8 24. Rf3 Qg5 25. Raf1 Qe7 26. d5 Rfe8 27. Rf7 Qxf7
28. Rxf7 Kxf7 29. dxe6+ Kg8 30. h3 Kh8 31. Kh2 Rad8 32. Kg3 Rd6 33. Qa4 Rdxe6
34. Qxa7 Rxe3+ 35. Kf4 R8e4+ 36. Kf5 Re5+ 37. Kg6 Re6+ 38. Kh5 R6e5+ 39. Kh4
R5e4+ 40. g4 g5+ 41. Kh5 Re6 42. Qa8+ Kg7 43. Qg2 Rf6 44. h4 Rff3 45. Qd2 Rd3
46. Qe2 Rfe3 47. Qg2 Rf3 48. Qe2 Rfe3 49. Qg2 Rf3 1/2-1/2

[Event "39th TCh-GRE"]
[Site "Eretria GRE"]
[Date "2011.07.06"]
[Round "5.14"]
[White "Berzinsh, Roland"]
[Black "Petr, Martin"]
[Result "1/2-1/2"]
[WhiteTitle "IM"]
[BlackTitle "GM"]
[WhiteElo "2434"]
[BlackElo "2523"]
[WhiteTeam "Ilioupolis CC"]
[BlackTeam "CC Amfissa"]
[WhiteFideId "11600357"]
[BlackFideId "318299"]
[EventDate "2011.07.03"]

1. e4 c5 2. Nc3 e6 3. Nf3 a6 4. g3 b5 5. Bg2 Bb7 6. d3 d6 7. O-O Nf6 8. Ng5 Nc6
9. f4 Be7 10. f5 h6 11. Nh3 e5 12. a4 b4 13. Nd5 Rb8 14. c4 Nd4 15. b3 Bc8 16.
Nxe7 Qxe7 17. Nf2 g5 18. Rb1 Nd7 19. Ng4 f6 20. Ne3 Qf7 21. Nd5 Rb7 22. h4 Nb8
23. Bf3 Nxf3+ 24. Qxf3 Nc6 25. Be3 Qf8 26. h5 Na5 27. Qg4 Kf7 28. Rf2 Rd7 29.
Ra2 Qe8 30. Qd1 Nc6 1/2-1/2

[Event "39th TCh-GRE"]
[Site "Eretria GRE"]
[Date "2011.07.06"]
[Round "5.14"]
[White "Balaskas, Panayotis"]
[Black "Gogolis, Alexandros"]
[Result "1/2-1/2"]
[BlackTitle "FM"]
[WhiteElo "2043"]
[BlackElo "2261"]
[WhiteTeam "CC Amfissa"]
[BlackTeam "Ilioupolis CC"]
[WhiteFideId "4201302"]
[BlackFideId "4202066"]
[EventDate "2011.07.03"]

1. e4 c6 2. d4 d5 3. e5 Bf5 4. Nc3 h5 5. Bd3 Bxd3 6. Qxd3 e6 7. Nh3 Nd7 8. O-O
Be7 9. a3 Nh6 10. Bxh6 Rxh6 11. f4 g6 12. b4 Nb6 13. Nd1 Qd7 14. Ne3 O-O-O 15.
c3 Kb8 16. a4 Nc8 17. Ng5 Rf8 18. Kh1 Rhh8 19. h4 Rhg8 20. g3 Bxg5 21. fxg5 Ne7
22. b5 Nf5 23. bxc6 Qxc6 24. Nxf5 exf5 25. Rf3 Rc8 26. Kg2 Rc7 27. Qb5 Rgc8 28.
Qxc6 Rxc6 29. Ra3 Rb6 30. a5 Rb1 31. Re3 Rc6 32. Kf2 Kc7 33. Re1 Rxe1 34. Kxe1
Ra6 35. Kd2 Kc6 36. Kd3 Kb5 37. Rb3+ Kc6 38. Ra3 Kb5 39. Rb3+ Kc6 40. Ra3 1/2-1/2

[Event "39th TCh-GRE"]
[Site "Eretria GRE"]
[Date "2011.07.06"]
[Round "5.14"]
[White "Ignatiadis, Konstantinos"]
[Black "Kakkanas, Evangelos"]
[Result "1-0"]
[WhiteElo "2133"]
[BlackElo "1976"]
[WhiteTeam "Ilioupolis CC"]
[BlackTeam "CC Amfissa"]
[WhiteFideId "4203100"]
[BlackFideId "4205049"]
[EventDate "2011.07.03"]

1. c4 Nf6 2. Nc3 e6 3. d4 Bb4 4. Qc2 O-O 5. a3 Bxc3+ 6. Qxc3 Ne4 7. Qc2 f5 8.
Nh3 d6 9. f3 Nf6 10. e3 e5 11. dxe5 dxe5 12. Nf2 Nc6 13. Bd2 Qe7 14. O-O-O Be6
15. Bd3 g6 16. Kb1 Rfd8 17. h3 Qf7 18. g4 f4 19. Be2 fxe3 20. Bxe3 Nd4 21. Bxd4
exd4 22. f4 b5 23. cxb5 Bb3 24. Qc1 Re8 25. Bf3 Rad8 26. g5 Nh5 27. Ng4 Kh8 28.
Nh6 Qg7 29. Rd3 Bf7 30. Rhd1 Ng3 31. Qc5 1-0

[Event "39th TCh-GRE"]
[Site "Eretria GRE"]
[Date "2011.07.06"]
[Round "5.14"]
[White "Koutoukidis, Panagiotis"]
[Black "Andreou, Efstathios-Andreas"]
[Result "1-0"]
[WhiteElo "2046"]
[BlackElo "1608"]
[WhiteTeam "Ilioupolis CC"]
[BlackTeam "CC Amfissa"]
[WhiteFideId "4244702"]
[BlackFideId "4250907"]
[EventDate "2011.07.03"]

1. e4 e5 2. Nf3 Nc6 3. Bc4 Bc5 4. d3 Nf6 5. O-O d6 6. c3 Bg4 7. Be3 Bb6 8. Nbd2
O-O 9. h3 Bh5 10. Re1 Qd7 11. Bb3 h6 12. Nf1 Rfe8 13. Ng3 Bg6 14. Nh4 Ne7 15.
Qf3 Kh7 16. Nxg6 Kxg6 17. Nf5 Nxf5 18. Qxf5+ Qxf5 19. exf5+ Kxf5 20. Bxf7 Re7
21. g4+ Nxg4 22. hxg4+ Kxg4 23. Bg6 Re6 24. Be4 c6 25. Kg2 Bxe3 26. Rxe3 Kg5 27.
Rf3 h5 28. Rf5+ Kh6 29. Rh1 Rg6+ 30. Kf3 Rg5 31. Rxg5 Kxg5 32. Rg1+ Kh6 33. Rg6+
Kh7 34. Rxd6+ Kg8 35. Bg6 Rf8+ 36. Kg3 h4+ 37. Kxh4 Rf6 38. Rxf6 gxf6 39. Kg4
Kf8 40. Kf5 Ke7 41. Bh5 b6 42. Bf3 c5 43. Bd5 a6 44. c4 b5 45. cxb5 axb5 46. Be6
b4 47. Bc4 1-0

[Event "39th TCh-GRE"]
[Site "Eretria GRE"]
[Date "2011.07.06"]
[Round "5.15"]
[White "Zenelis, Konstantinos"]
[Black "Koliopoulos, Konstantinos"]
[Result "1-0"]
[WhiteElo "2179"]
[BlackElo "2262"]
[WhiteTeam "Papagou"]
[BlackTeam "AO Zenon Glyfadas"]
[WhiteFideId "4204107"]
[BlackFideId "4202244"]
[EventDate "2011.07.03"]

1. e4 e5 2. Nf3 Nf6 3. Nc3 Nc6 4. g3 Bc5 5. Bg2 d6 6. O-O O-O 7. d3 a6 8. h3 h6
9. Be3 Bxe3 10. fxe3 Ne7 11. Kh2 Ng6 12. Qd2 c6 13. d4 Be6 14. Qd3 b5 15. d5
cxd5 16. exd5 Bd7 17. Nd2 b4 18. Nce4 Nxe4 19. Qxe4 Rb8 20. c4 bxc3 21. bxc3 Qc7
22. Qd3 f5 23. Rab1 Qa5 24. g4 Ne7 25. Rxb8 Rxb8 26. gxf5 Qxa2 27. f6 Nf5 28.
Rxf5 Bxf5 29. Qxf5 Qxd2 30. Qg6 Rb7 31. Qe8+ Kh7 32. f7 Rb2 33. Qg8+ Kg6 34.
f8=N+ Kh5 35. Qf7+ Kh4 36. Ng6+ Kg5 37. h4+ Kh5 38. Nf4+ Kxh4 39. Qh5# 1-0